00936nam a2200253K 450000100060000000300080000600500170001400800410003103500190007204000270009104100080011808200310012609000180015710000360017524500720021126000620028330000310034550400190037660000560039565100550045194200120050699900170051895201470053527427BD-RjUL20211209051144.0140325s1956 maua 00100beng d a(BD-RjUL)27501 aBOScBOSbengdBD-RjUL aeng04223a 971.051092 bCRJ 1956 aF1033.M3bF5210aCreighton, Donald Grant.98424510aJohn A. Macdonald, the young politician /c Donald Grant Creighton. aToronto :bThe Macmillan Company of Canada Limited,c1956 a524 p. :billus. ;c23 cm. aIncludes Index10aMacdonald, John Alexander,cSir,d1815-1891.984252 0aCanadaxPolitics and governmenty1841-1867.984247 2ddccBK c27427d27427 00102ddc40728NFICaRUCLbRUCLcReadingd1958-03-11eH.C. of Canada Giftl0o971.051092 CRJ 1956r2014-03-25 00:00:00tC-1w2014-03-25yBK